000 00219nam a2200097Ia 4500
008 240331s9999 xx 000 0 und d
082 _bBHA
100 _aBhargava, P
245 0 _aPolitical economy of Sri Lanka
942 _cL
999 _c2586
_d2586